000 00453nam a2200157 4500
001 2050
005 20181127164451.0
020 0 0 _a8177543083
090 0 0 _a577.27 G9775m 2009
100 0 0 _aGupta, P. K.
245 0 0 _aMethods in environmental analysis water soil and air /
_b
_cP. K Gupta.
_h
260 0 0 _aJodhpur :
_bAgrobios,
_c2009.
300 0 0 _a443 p.
650 0 0 _aEnvironmental analysis --India.
_x
650 0 0 _aEnvironmental impact statements --India
_x
999 _c1599
_d1599